箱根そば 店舗一覧 - Statistics

General Stats
  • This quiz has been taken 21 times
  • The average score is 19 of 43
Answer Stats
所在地 答え % Correct
川崎市 登戸店
90%
世田谷区 下北沢店
85%
渋谷区 代々木上原店
80%
世田谷区 経堂店
80%
世田谷区 喜多見店
80%
世田谷区 祖師ヶ谷大蔵店
75%
世田谷区 千歳船橋店
70%
川崎市 新百合ヶ丘店
70%
世田谷区 成城学園前店
65%
狛江市 狛江店
65%
町田市 鶴川店
65%
町田市 町田店
60%
相模原市 相模大野店
60%
川崎市 読売ランド前店
55%
海老名市 海老名店
50%
伊勢原市 伊勢原店
50%
川崎市 向ヶ丘遊園南口店
45%
秦野市 秦野店
45%
小田原市 小田原店
45%
多摩市 永山店
45%
秦野市 渋沢店
40%
松田町 新松田店
40%
大和市 中央林間店
40%
世田谷区 千歳烏山店
40%
厚木市 愛甲石田店
35%
大和市 南林間店
35%
大和市 大和店
35%
町田市 町田北口店
30%
藤沢市 湘南台店
30%
千代田区 秋葉原店
30%
座間市 相武台前店
25%
相模原市 橋本店
25%
茅ヶ崎市 茅ヶ崎店
25%
厚木市 本厚木ミロード店
20%
多摩市 多摩センター東口店
20%
江東区 豊洲店
20%
川崎市 プレイスポットドラゴン川崎店
20%
さいたま市 大宮ラクーン店
20%
横浜市 イトーヨーカドー立場店
15%
相模原市 古淵店
15%
川崎市 マルシェ新百合ヶ丘店
10%
海老名市 海老名東口店
10%
八王子市 イトーヨーカドー八王子店
10%
No matching quizzes found
Score Distribution
Percent of People with Each Score
Percentile by Number Answered
Your Score History
You have not taken this quiz